| 000 -LEADER |
| fixed length control field |
00610cam a22002055i 4500 |
| 005 - DATE AND TIME OF LATEST TRANSACTION |
| control field |
20200309132012.0 |
| 008 - FIXED-LENGTH DATA ELEMENTS--GENERAL INFORMATION |
| fixed length control field |
150224s2015 ctu 000 0 eng |
| 010 ## - LIBRARY OF CONGRESS CONTROL NUMBER |
| LC control number |
2015934481 |
| 020 ## - INTERNATIONAL STANDARD BOOK NUMBER |
| International Standard Book Number |
9781940291604 (softcover : alk. paper) |
| 040 ## - CATALOGING SOURCE |
| Original cataloging agency |
DLC |
| Language of cataloging |
eng |
| Description conventions |
rda |
| Transcribing agency |
DLC |
| 042 ## - AUTHENTICATION CODE |
| Authentication code |
pcc |
| 082 ## - DEWEY DECIMAL CLASSIFICATION NUMBER |
| Classification number |
720.922 |
| Item number |
DAY |
| 100 1# - MAIN ENTRY--PERSONAL NAME |
| Personal name |
Day, Joe. |
| 245 10 - TITLE STATEMENT |
| Title |
Cultural cues / |
| Statement of responsibility, etc |
Joe Day, Adib Cure and Carie Penabad, Tom Wiscombe. |
| 263 ## - PROJECTED PUBLICATION DATE |
| Projected publication date |
1503 |
| 300 ## - PHYSICAL DESCRIPTION |
| Extent |
pages cm |
| 906 ## - LOCAL DATA ELEMENT F, LDF (RLIN) |
| a |
0 |
| b |
ibc |
| c |
orignew |
| d |
2 |
| e |
epcn |
| f |
20 |
| g |
y-gencatlg |
| 942 ## - ADDED ENTRY ELEMENTS (KOHA) |
| Source of classification or shelving scheme |
|
| 955 ## - COPY-LEVEL INFORMATION (RLIN) |
| Classification number, CCAL (RLIN) |
pc24 2015-02-24 |
| -- |
xn11 2015-09-08 1 copy rec'd., to USASH |